000 00730nam a2200181Ia 4500
008 100920s9999 xx 000 0 und d
082 _b81276
_a28 व 51 न 02
100 _aसंक.-गानू सुजाता.
245 _aआधुनिक विज्ञानाचे जनक भाग 4.
260 _bसंयम पब्लिकेशन, पुणे.
_c2002
300 _a32
_bसाधी
365 _b12
520 _aबा. वि चरित्र.
630 _aआधुनिक विज्ञानाचे जनक भाग 4.
650 _aबा. वि चरित्र.
730 _aआधुनिक विज्ञानाचे जनक भाग 4.
942 _cBOOK
999 _c722091
_d722088